[Event "Vienna Tschaturanga op-B U2000"]
[Site "Vienna"]
[Date "2012.02.06"]
[Round "2.1"]
[White "Unterwurzacher, Sebastian"]
[Black "Schellander, Christian"]
[Result "1/2-1/2"]
[WhiteElo "1876"]
[BlackElo "1764"]
[PlyCount "115"]
[EventDate "2012.01.30"]
[EventType "swiss"]
[EventRounds "7"]
[EventCountry "AUT"]
[SourceTitle "EXT 2024"]
[Source "ChessBase"]
[SourceDate "2023.10.10"]
[SourceVersion "1"]
[SourceVersionDate "2023.10.10"]
[SourceQuality "1"]

1. Nf3 c5 2. e4 b6 3. Nc3 Bb7 4. g3 g6 5. Bg2 Bg7 6. d3 Nc6 7. 0-0 d6 8. Re1 e6 9. Bf4 a6 10. Qd2 Nge7 11. Rad1 0-0 12. Bh6 e5 13. h4 f6 14. Be3 Bc8 15. Nh2 Be6 16. a4 Qd7 17. Nf1 Rab8 18. Ra1 h5 19. Kh2 d5 20. exd5 Nxd5 21. Nxd5 Bxd5 22. Bxd5+ Qxd5 23. Qd1 Nd4 24. Bxd4 Qxd4 25. Qf3 Qxb2 26. Ne3 Qd4 27. Rg1 f5 28. Qc6 Rf6 29. Qc7 Qd8 30. Qa7 Ra8 31. Qb7 Rf7 32. Qc6 Kh7 33. Rab1 Rb8 34. Nd5 Rfb7 35. c4 a5 36. Rb5 e4 37. dxe4 fxe4 38. Re1 Qf8 39. Nf4 Qf6 40. Qxf6 Bxf6 41. Rxe4 Kg7 42. Re6 Kf7 43. Rc6 Kg7 44. Rb3 Rd7 45. Rbxb6 Rxb6 46. Rxb6 Rd2 47. Ne6+ Kf7 48. Nxc5 Rxf2+ 49. Kh3 Rc2 50. Rb7+ Be7 51. Ne4 Ke6 52. Rc7 Ra2 53. Nc3 Ra3 54. Nb5 Rxa4 55. Kg2 Ra2+ 56. Kf3 g5 57. hxg5 Bxg5 58. Rc6+ 1/2-1/2

[Event "Vienna Tschaturanga op-B U2000"]
[Site "Vienna"]
[Date "2012.01.30"]
[Round "1.6"]
[White "Schellander, Christian"]
[Black "Draxl, Ernst"]
[Result "1-0"]
[WhiteElo "1764"]
[BlackElo "1506"]
[PlyCount "73"]
[EventDate "2012.01.30"]
[EventType "swiss"]
[EventRounds "7"]
[EventCountry "AUT"]
[SourceTitle "EXT 2024"]
[Source "ChessBase"]
[SourceDate "2023.10.10"]
[SourceVersion "1"]
[SourceVersionDate "2023.10.10"]
[SourceQuality "1"]

1. f4 d5 2. g3 c6 3. Nf3 Nf6 4. Bg2 g6 5. b3 Bg7 6. Bb2 Bf5 7. 0-0 0-0 8. e3 Nbd7 9. h3 Nc5 10. Qc1 Qc8 11. Kh2 Qc7 12. b4 Nce4 13. d3 Nd6 14. Be5 Nd7 15. Bxg7 Kxg7 16. g4 Be6 17. Nd4 c5 18. bxc5 Nxc5 19. Qb2 f6 20. Nxe6+ Nxe6 21. Bxd5 Nc5 22. Kg2 Rae8 23. Rf2 e6 24. Bf3 e5 25. Bd5 exf4 26. exf4 Re7 27. Nc3 Rfe8 28. Bf3 Qa5 29. Nd5 Re6 30. Nxf6 Rxf6 31. g5 Nd7 32. gxf6+ Nxf6 33. Re2 Rf8 34. Qe5 Nb5 35. c4 Qc7 36. cxb5 Qxe5 37. fxe5 1-0